A.L.A. cataloging rules for author and title entries (Record no. 7921)
[ view plain ]
| 000 -LEADER | |
|---|---|
| fixed length control field | 01358nam a22003012a 4500 |
| 001 - CONTROL NUMBER | |
| JCCL Control Number | 7921 |
| 003 - CONTROL NUMBER IDENTIFIER | |
| JCCL marc code | BD - JhCC |
| 005 - DATE AND TIME OF LATEST TRANSACTION | |
| control field | 20180215123200.0 |
| 008 - FIXED-LENGTH DATA ELEMENTS--GENERAL INFORMATION | |
| fixed length control field | 500101s1949 ilu 000 0 engdd |
| 035 ## - SYSTEM CONTROL NUMBER | |
| system control number | OCLC ocm00577742 from D941222M |
| -- | (BD - JhCC)7921 |
| 040 ## - CATALOGING SOURCE | |
| Original cataloging agency | DLC |
| Transcribing agency | DLC |
| Modifying agency | OCL |
| -- | EQO |
| -- | BD - JhCC |
| 041 ## - LANGUAGE CODE | |
| Language code of Book | eng |
| 050 #0 - LIBRARY OF CONGRESS CALL NUMBER | |
| Classification number | Z695 |
| Item number | .A52 1949 |
| 051 ## - LIBRARY OF CONGRESS COPY, ISSUE, OFFPRINT STATEMENT | |
| Classification number | Z695 |
| Item number | .A52 1970 |
| Copy information | Another issue. [16th print. Chicago] American Library Association [1970, c1949] |
| 082 ## - DEWEY DECIMAL CLASSIFICATION NUMBER | |
| Classification number | 025.32 |
| 110 2# - MAIN ENTRY--CORPORATE NAME | |
| Corporate name or jurisdiction name as entry element | American Library Association. |
| Subordinate unit | Division of Cataloging and Classification. |
| 245 10 - TITLE STATEMENT | |
| Title | A.L.A. cataloging rules for author and title entries |
| 250 ## - EDITION STATEMENT | |
| Edition statement | 2d ed. |
| 260 ## - PUBLICATION, DISTRIBUTION, ETC. (IMPRINT) | |
| Place of publication, distribution, etc | Chicago : |
| Name of publisher, distributor, etc | American Library Assn, |
| Date of publication, distribution, etc | 1949 |
| 300 ## - PHYSICAL DESCRIPTION | |
| Pagination | xxi, 265 p. |
| Dimensions | 27 cm |
| 500 ## - GENERAL NOTE | |
| General note | "The preliminary American second edition of A.L.A. catalog rules, on Part I of which the present volume is based, was prepared by: American Library Association, Catalog Code Revision Committee." The 1st ed., published in 1908, has title: Catalog rules, author and title entries |
| 650 #0 - SUBJECT ADDED ENTRY--TOPICAL TERM | |
| Topical term or geographic name as entry element | Descriptive cataloging |
| Form subdivision | Rules |
| 700 1# - ADDED ENTRY--PERSONAL NAME | |
| Personal name | Beetle, Clara, |
| Dates associated with a name | 1891-1975 |
| 710 2# - ADDED ENTRY--CORPORATE NAME | |
| Corporate name or jurisdiction name as entry element | American Library Association. |
| Subordinate unit | Catalog Code Revision Committee. |
| Title of a work | A.L.A. catalog rules, author and title entries. |
| 730 0# - ADDED ENTRY--UNIFORM TITLE | |
| Uniform title | Catalog rules, author and title entries |
| 942 ## - ADDED ENTRY ELEMENTS (KOHA) | |
| Source of classification or shelving scheme | Dewey Decimal Classification |
| Koha item type | Books |
| Source of classification or shelving scheme | Damaged status | Not for loan | Home library | Current library | Shelving location | Total Checkouts | Full call number | Barcode | Date last seen | Copy number | Koha item type |
|---|---|---|---|---|---|---|---|---|---|---|---|
| Dewey Decimal Classification | JCC Rouf Library | JCC Rouf Library | General Stacks | 025.32 CAT 1949 | 10426 | 02/15/2018 | C - 1 | Books |